01592nam a2200313 a 4500001001000000005001700010008004100027041000800068044000800076084002000084100004500104245016700149250000600316260004900322300002200371500025400393500018100647500005000828500001000878546002400888650005200912650005600964650003401020650004501054700003901099700003401138700005601172740005001228BRCA_321120190320204151.0270209s1756----enka---###---#000-0#eng-# aeng aenk a512b.T66c17561 aCervantes Saavedra, Miguel ded1547-161610aThe Life and Exploits of the Ingenious Gentleman Don Quixote de la ManchacTranslated from the Original Spanish of Miguel de Cervantes Saavedra by Charles Jarvis. a3 aLondresbJ. and R. Tonson y S. Drouperc1756 a2 v.bil.c30 cm. aContenido : v.1. Primera parte. Prefacio del traductor supliendo al anterior prefacio. Advertencia de John Oldfield. Retrato de Cervantes por Kent. Vida de Cervantes por Mayáns traducida por Ozell. Prólogo del autor. -- v.2. Segunda parte. Texto aQuinta impresión de la traducción de Jarvis, copia de la edición públicada por los mismos editores, en 1742. Piel; lomos y planos decorados con dorados Lúdovik Osterc aEstado físico : Encuadernación maltratada aQM414 aTexto en : inglés14aNovela españolayÉpoca clásica, 1500-170014aLiteratura españolayÉpoca clásica, 1500-170014aNovela españolaySiglo XVII14aDon Quijote (Personaje ficticio)eNovela1 aJarvis, Charlesd?-1739eTraductor1 aOzell, Johnd?-1743eAnotador1 aMayáns I. Siscar, Gregoriod1699-1781eBiógrafo0 aEl Ingenioso Hidaldo Don Quijote de la Mancha